Marta Bečková, Jan Amos Komenský a Polsko

Bibliographic Details
Main Author: Skutil, Jan (Author)
Format: Article
Language:Slovak
Czech
Subjects:

MARC

LEADER 00000nab a2200000 a 4500
001 vtls000203640
003 SK-MaSNL
005 20260305044354.0
008 250423c1984 xo 0 slo
015 |a SNBRB19rr/mm-uuuuu 
035 |a CL0213753 
035 |a urn:nbn:sk:snk-ab2f9i 
035 |a (urnnbn)urn:nbn:sk:snk:ar-a02c7k 
035 |a (uuid)b2156e7d-98a1-439d-86e2-9d5e36f1b989 
040 |a SNKBUCL  |b slo  |c SNKBUCL  |e AACR2 
041 0 |a cze 
044 |a xo  |c SK 
080 |a 37-051(048)  |2 1981 
080 |a 101.9  |2 1981 
080 |a 929 Komenský, Jan Amos  |2 1981 
100 1 |a Skutil, Jan  |4 aut  |9 292576 
245 1 0 |a Marta Bečková, Jan Amos Komenský a Polsko  |c Jan Skutil 
600 1 7 |a Komenský, Jan Amos,  |d 1592-1670  |2 snkbucl  |9 10137 
650 0 7 |a monografie  |2 snkbucl  |9 256509 
651 7 |a Poľsko  |2 snkbucl  |9 16755 
655 7 |a recenzie  |2 snkbucl  |9 21907 
655 7 |a články z novín a časopisov  |2 snkbucl  |9 267496 
773 0 |t Slavica slovaca  |g Roč. 19, č. 4 (1984), s. 377 
787 0 8 |i Rec.:  |a Bečková, Marta  |t Jan Amos Komenský a Polsko  |d Praha : Academica, 1983 
850 |a Slovenská národná knižnica 
852 |a Slovenská národná knižnica 
958 |a article27 
958 |a BX 
958 |a RK 
958 |a CZ 
958 |a PL 
958 |a OND 
958 |a EUIPO 
992 |a RBX 
999 |c 3358227  |d 3360157